000 00576nam a2200253Ia 4500
003 OSt
005 20220912145456.0
006 a|||||r|||| 00| 0
007 ta
008 220909b |||||||| |||| 00| 0 eng d
024 _a67774
037 _cTextual
040 _aCSL
_beng
_cCSL
041 _aeng
082 _aX:(B28), M4;3
100 _aJohnston J
245 0 _aEconomtric methods
250 _a3
260 _c1984
300 _ap.
_ccm.
650 _aEconomics
942 _hX:(B28), M4;3
_cTEXL
_2CC
999 _c32681
_d32681